Statystyki dla Piłka nożna quiz #14 - Wiedza ogólna

Kliknij tutaj aby rozwiązać quiz!

Ogólne statystyki

  • Ten quiz został rozwiązany 169 razy
  • Średni wynik to 6 z 15

Statystyki odpowiedzi

ZagadnienieOdpowiedź% Poprawnych
Jak nazywa się stadion piłkarski klubu Borussia Dortmund?Signal Iduna Park
81%
Który z wymienionych piłkarzy pochodzi z Nigerii?Samuel Chukwueze
76%
Jak nazywała się piłka, którą rozgrywane były Mistrzostwa Świata 2014?Brazuca
63%
Kto zdobył tytuł króla strzelców Ligue 1 w sezonie 2017/18?Edinson Cavani
60%
Który zespół był autorem hymnu reprezentacji Polski na Euro 2012?Jarzębina
59%
Jak nazywa się piłkarka, która w 2023 roku zdobyła Złotą Piłkę?Aitana Bonmati
53%
Z jakiego klubu Edin Dżeko przeszedł do Manchesteru City za kwotę 37 mln euro?VfL Wolfsburg
49%
Ile razy reprezentacja Polski wyszła z grupy na Mistrzostwach Europy?1
42%
Które z wymienionych miast posiadało najwięcej klubów występujących w Ekstraklasie?Katowice
37%
Który duet środkowych obrońców reprezentacji Polski wystąpił w meczu z Grecją na Euro 2012?Perquis - Wasilewski
35%
Ile meczów w barwach FC Barcelony rozegrał Lionel Messi?778
28%
Jak nazywała się ośmiornica, która zasłynęła z typowania meczów MŚ 2010?Paul
27%
Ile bramek dla Bayernu Monachium strzelił Robert Lewandowski?344
26%
W ilu klubach Ekstraklasy swoje mecze rozgrywał Fabian Piasecki?6
4%
Która z wymienionych reprezentacji najwięcej razy wystąpiła na Mistrzostwach Świata?Bułgaria
3%

Rozkład punktacji

Percentyl według liczby udzielonych odpowiedzi

Procent ludzi z każdym wynikiem

Twoja historia wyników

Nie rozwiązałeś tego quizu